=LDR 00000nam 2200000 4500 =001 INLIS000000000060958 =005 20220407082243 =035 ##$$a 0010-0422000083 =007 ta =008 220407###########################0#ind## =020 ##$$a 978-623-218-255-4 =082 ##$$a 001.42 =084 ##$$a 001.42 Fre m =100 #$$a Fred L. Benu, Agus S. Ben =245 1#$$a Metodologi Penelitian Kuantitatif : $b Ekonomi, Sosiologi, Komunikasi, Administrasi, Pertanian, dam Lainya /$c Fred L. Benu, Agus S. Benu =250 ##$$a Ed. 1 =260 ##$$a jakarta :$b Premada Media,$c 2019 =300 ##$$a xii, 358 hlm. : $b Ilus. ; $c 23 Cm. =650 #4$$a Penelitian, Metode =990 ##$$a 18661866 =990 ##$$a 18661866 =990 ##$$a 18661866 =990 ##$$a 18661866 =990 ##$$a 18741874 =990 ##$$a 18741874 =990 ##$$a 18741874 =990 ##$$a 18741874